| 000 | 00555nam a22001817a 4500 | ||
|---|---|---|---|
| 005 | 20231102100232.0 | ||
| 008 | 231102b |||||||| |||| 00| 0 eng d | ||
| 020 | _a0409032980 | ||
| 041 | _aEnglish | ||
| 082 | _a346.6 HEN | ||
| 100 | _lEnglish | ||
| 245 |
_aHenochsberg on the Companies Act : 1978 Supplement / _cPM Meskin et al. |
||
| 250 | _aFourth Edition | ||
| 260 |
_aDurban : _bButterworth Publishers (Pty) Ltd, _c1987 |
||
| 300 |
_bvi, 66 pages ; _c25 cm. |
||
| 650 |
_aLegal practice _bLaw |
||
| 942 |
_cBK _6ALISON_BN_VRIES |
||
| 999 |
_c252 _d252 |
||